Statistiques concernant Trouve le pays en fonction de sa deuxième ville la plus peuplée

Cliquez ici pour prendre le quiz!

Statistiques générales

  • Ce quiz a été pris 214 fois
  • Le résultat moyen est 24 sur 39

Statistiques - réponses

VillePays% Correct
BarceloneEspagne
99%
MontréalCanada
98%
BirminghamRoyaume-Uni
98%
Rio de JaneiroBrésil
97%
PékinChine
97%
MarseilleFrance
97%
RotterdamPays Bas
97%
HambourgAllemagne
96%
MilanItalie
96%
GenèveSuisse
96%
MelbourneAustralie
95%
DehliInde
95%
AlexandrieEgypte
90%
YokohamaJapon
83%
HanoiVietnam
78%
KharkivUkraine
77%
MedellinColombie
76%
FèsMaroc
75%
ThessaloniqueGrèce
74%
OranAlgérie
69%
AlepSyrie
68%
SplitCroatie
66%
GandBelgique
61%
DjeddahArabie Saoudite
56%
BergenNorvège
54%
BéthléemPalestine
47%
LahorePakistan
40%
SfaxTunisie
38%
PlovdivBulgarie
37%
SurabayaIndonésie
32%
MombasaKenya
29%
EcatepecMexique
25%
MandalayBirmanie
24%
IbadanNigeria
21%
BouakéCôte d'Ivoire
20%
MbujimayiRépublique Démocratique du Congo
13%
HératAfghanistan
12%
Ta'izzYemen
10%
NdolaZambie
6%

Distribution des résultats

Percentile par nombre de réponses

% des personnes avec chaque résultat

Votre développement - résultats

Vous n’avez pas pris ce quiz